Medical parasitology : (Record no. 527611)

000 -LEADER
fixed length control field 01014pam a2200301 a 4500
001 - CONTROL NUMBER
control field 17272488
003 - CONTROL NUMBER IDENTIFIER
control field NUST
005 - DATE AND TIME OF LATEST TRANSACTION
control field 20190801054902.0
008 - FIXED-LENGTH DATA ELEMENTS--GENERAL INFORMATION
fixed length control field 120425s2012 paua bp 001 0 eng
010 ## - LIBRARY OF CONGRESS CONTROL NUMBER
LC control number 2012392696
020 ## - INTERNATIONAL STANDARD BOOK NUMBER
International Standard Book Number 9780803625433
038 ## - RECORD CONTENT LICENSOR
Staff Name IESE
040 ## - CATALOGING SOURCE
Original cataloging agency DLC
Transcribing agency DLC
Modifying agency DLC
042 ## - AUTHENTICATION CODE
Authentication code pcc
050 00 - LIBRARY OF CONGRESS CALL NUMBER
Classification number 616.96 LEV
Item number .L38 2012
082 00 - DEWEY DECIMAL CLASSIFICATION NUMBER
Classification number 616.96 LEV
Edition number 23
100 1# - MAIN ENTRY--PERSONAL NAME
Personal name Leventhal, Ruth.
9 (RLIN) 18954
245 10 - TITLE STATEMENT
Title Medical parasitology :
Remainder of title a self-instructional text /
Statement of responsibility, etc. Ruth Leventhal, Russell F. Cheadle ; illustrations by Elliot Hoffman.
250 ## - EDITION STATEMENT
Edition statement 6th ed.
260 ## - PUBLICATION, DISTRIBUTION, ETC.
Place of publication, distribution, etc. Philadelphia :
Name of publisher, distributor, etc. F.A. Davis,
Date of publication, distribution, etc. c2012.
300 ## - PHYSICAL DESCRIPTION
Extent xiv, 203 p. :
Other physical details col. ill. ;
Dimensions 28 cm.
504 ## - BIBLIOGRAPHY, ETC. NOTE
Bibliography, etc. note Includes bibliographical references and index.
650 #0 - SUBJECT ADDED ENTRY--TOPICAL TERM
Topical term or geographic name entry element Medical parasitology
General subdivision Programmed instruction.
9 (RLIN) 18955
700 1# - ADDED ENTRY--PERSONAL NAME
Personal name Cheadle, Russell F.
9 (RLIN) 18956
906 ## - LOCAL DATA ELEMENT F, LDF (RLIN)
a 7
b cbc
c origcop
d 3
e ncip
f 20
g y-gencatlg
942 ## - ADDED ENTRY ELEMENTS (KOHA)
Source of classification or shelving scheme
Koha item type Book
Call number prefix IESE
Holdings
Withdrawn status Lost status Source of classification or shelving scheme Damaged status Not for loan Permanent Location Current Location Shelving location Date acquired Total Checkouts Full call number Barcode Date last seen Price effective from Koha item type
          Institute of Environmental Science and Engineering (IESE) Institute of Environmental Science and Engineering (IESE) Text Books 08/01/2019   616.96 LEV IESE-3948 08/01/2019 08/01/2019 Text Books
© 2023 Central Library, National University of Sciences and Technology. All Rights Reserved.